Ficial institutions and markets : student resource manual (Record no. 1267583)

MARC details
000 -LEADER
fixed length control field 00524nam a2200181Ia 4500
005 - DATE AND TIME OF LATEST TRANSACTION
control field 20250317131315.0
008 - FIXED-LENGTH DATA ELEMENTS--GENERAL INFORMATION
fixed length control field 008 250317s9999 xx 000 0 eng d
040 ## - CATALOGING SOURCE
Original cataloging agency FMSL
Language of cataloging eng
Transcribing agency FMSL
041 ## - LANGUAGE CODE
Language code of text/sound track or separate title eng
Source of code eng
084 ## - COLON CLASSIFICATION NUMBER
Classification number X:8D N3
Assigning agency FMSL
100 ## - MAIN ENTRY--PERSONAL NAME
Personal name Kolb R W
9 (RLIN) 295697
245 #0 - TITLE STATEMENT
Title Ficial institutions and markets : student resource manual
260 ## - PUBLICATION, DISTRIBUTION, ETC.
Place of publication, distribution, etc. Florida
Name of publisher, distributor, etc. Florida, Kolb
Date of publication, distribution, etc. 1993
300 ## - PHYSICAL DESCRIPTION
Extent 393p
942 ## - ADDED ENTRY ELEMENTS (KOHA)
Koha item type Textbook
Classification part X:8D N3

No items available.

Copyright @ Delhi University Library System